| 000 | 00652nam a22002057a 4500 | ||
|---|---|---|---|
| 003 | OSt | ||
| 005 | 20160608142452.0 | ||
| 008 | 131002t xxu||||| |||| 00| 0 eng d | ||
| 020 | _a9719222115 | ||
| 050 |
_aLB 2955 _b.T161 2003 |
||
| 082 |
_aGLT 658.3 _bJ57 2003 |
||
| 100 |
_aTan, Genevieve L. _922657 |
||
| 245 |
_aJob ranking and salary schemes for schools and colleges / _cTan, Genevieve L. et al. |
||
| 260 |
_aLas Pinas City, Philippines : _bSISC Systems Publications, _c2003. |
||
| 300 |
_a137 p. : _bill. ; _c28 cm. |
||
| 650 |
_aJob analysis. _922705 |
||
| 650 |
_aEmployees _xRating of. _922706 |
||
| 942 |
_2lcc _cBK |
||
| 999 |
_c12619 _d12619 |
||